LIBRARY ONLINE CATALOGUE

Joseph : (Record no. 21682)

MARC details
000 -LEADER
fixed length control field 01267cam a2200337 i 4500
001 - CONTROL NUMBER
control field 20663709
003 - CONTROL NUMBER IDENTIFIER
control field OSt
005 - DATE AND TIME OF LATEST TRANSACTION
control field 20260616124010.0
008 - FIXED-LENGTH DATA ELEMENTS--GENERAL INFORMATION
fixed length control field 180910s2019 ilu b 001 0beng
010 ## - LIBRARY OF CONGRESS CONTROL NUMBER
LC control number 2018042368
020 ## - INTERNATIONAL STANDARD BOOK NUMBER
International Standard Book Number 9781433562938
Qualifying information tp
035 ## - SYSTEM CONTROL NUMBER
System control number 20663709
040 ## - CATALOGING SOURCE
Original cataloging agency DLC
Language of cataloging eng
Transcribing agency DLC
Description conventions rda
Modifying agency DLC
042 ## - AUTHENTICATION CODE
Authentication code pcc
050 00 - LIBRARY OF CONGRESS CALL NUMBER
Classification number BS580.J6
Item number L465 2019
082 00 - DEWEY DECIMAL CLASSIFICATION NUMBER
Classification number 222/.11092
Edition number 23
100 1# - MAIN ENTRY--PERSONAL NAME
Personal name Lennox, John C.,
Dates associated with a name 1943-
Relator term author.
245 10 - TITLE STATEMENT
Title Joseph :
Remainder of title a story of love, hate, slavery, power, and forgiveness /
Statement of responsibility, etc. John C. Lennox.
264 #1 - PRODUCTION, PUBLICATION, DISTRIBUTION, MANUFACTURE, AND COPYRIGHT NOTICE
Place of production, publication, distribution, manufacture Wheaton, Illinois :
Name of producer, publisher, distributor, manufacturer Crossway,
Date of production, publication, distribution, manufacture, or copyright notice [2019]
300 ## - PHYSICAL DESCRIPTION
Extent 232 pages ;
Dimensions 22 cm
336 ## - CONTENT TYPE
Content type term text
Content type code txt
Source rdacontent
337 ## - MEDIA TYPE
Media type term unmediated
Media type code n
Source rdamedia
338 ## - CARRIER TYPE
Carrier type term volume
Carrier type code nc
Source rdacarrier
504 ## - BIBLIOGRAPHY, ETC. NOTE
Bibliography, etc Includes bibliographical references and indexes.
583 ## - ACTION NOTE
Action Cataloguing:
Time/date of action 20260616
Action agent gtanuigtanui
600 00 - SUBJECT ADDED ENTRY--PERSONAL NAME
Personal name Joseph
Titles and other words associated with a name (Son of Jacob)
776 08 - ADDITIONAL PHYSICAL FORM ENTRY
Relationship information Online version:
Main entry heading Lennox, John C., 1943- author.
Title Joseph
Place, publisher, and date of publication Wheaton : Crossway, 2019
International Standard Book Number 9781433562945
Record control number (DLC) 2018054419
906 ## - LOCAL DATA ELEMENT F, LDF (RLIN)
a 7
b cbc
c orignew
d 1
e ecip
f 20
g y-gencatlg
942 ## - ADDED ENTRY ELEMENTS (KOHA)
Source of classification or shelving scheme Library of Congress Classification
Koha item type General Collection
Holdings
Withdrawn status Lost status Source of classification or shelving scheme Not for loan Home library Current library Shelving location Date acquired Source of acquisition Inventory number Total Checkouts Full call number Barcode Date last seen Copy number Price effective from Koha item type
    Library of Congress Classification   Kabarak, Main Campus Kabarak, Main Campus General Stacks 16/06/2026 Donation 2026/3896   BS580.J6 L46 2019 C.1 37980 16/06/2026 C.1 16/06/2026 General Collection